000 01054cab a2200205 4500
001 ABS51291
008 090401t1994 xxu||||| |||| 00| 0 eng d
035 _a(Sirsi) u20044
041 _aeng
245 _aWycombe DC v Michael Shanly Group Ltd
260 _c1994
350 _a0
490 _aProperty and Compensation Reports
_v(1994) 67 PCR 374-378(5)
520 _aQBD 12 July 1993. M was owner and occupier of land on which an advertising hoarding was erected and used without his permission. W charged M with contravening regulations under Town and Country Planning Act 1990 s220. This was dismissed on the grounds the hoarding was erected without M`s knowledge or permission and he had taken all proper steps to remove the advertisements once his attention was drawn to them. W appealed. Appeal dismissed on the grounds of lack of consent to the hoarding by M.
650 _aADVERTISING HOARDINGS
650 _aTOWN AND COUNTRY PLANNING ACT 1990 S220
690 _aPLANNING LAW AND PRACTICE-CASE LAW
942 _n0
948 _c04/03/1997
999 _c13428
_d13428